000 00856nam a2200253 i 4500
001 6377
003 ES-MaACL
005 20231103062523.0
007 t|
008 891006s1988 fr ||||1| fre d
020 _a2-262-00522-2
080 _a355.27(44)"1789/1815"
080 _a9(44)"1789/1815"
100 1 _aForrest, Alan.
_951810
245 1 0 _aDeserteurs et insoumis
_b: sous la Revolution et l'Empire /
_cAlan Forrest ; traduit de l'anglais par Marie-Alyx Revellat.
260 _aParis :
_bLibrairie Academique Perrin,
_cD.L. 1988.
300 _a326 p. ;
_c23 cm.
504 _aBibliogr.: p. 311-326.
650 1 4 _aFuerzas armadas-
_zFrancia.
_913004
651 4 _aFrancia-
_xHistoria-
_y1789-1799, Revolución
_98685
700 1 _aRevellat, Marie-Alyx.
_996393
852 _aES-MaACL
_jL-13550
_bR.117176
_z. - rust.
999 _c6377
_d6377